Statistics for 10 Most Populated American Countries in 1950

Click here to take the quiz!

General Stats

  • This quiz has been taken 74 times
  • The average score is 10 of 10

Answer Stats

Population Country % Correct
151,869,000United States
100%
11,592,000Colombia
100%
17,151,000Argentina
100%
14,012,000Canada
100%
28,486,000Mexico
100%
53,444,000Brazil
100%
5,010,000Venezuela
99%
7,633,000Peru
99%
6,091,000Chile
97%
5,785,000Cuba
93%

Score Distribution

Percentile by Number Answered

Percent of People with Each Score

Your Score History

You have not taken this quiz